Tilastot visalle Lintutesti: Suomen maakuntalinnut

Klikkaa tästä pelataksesi tätä visaa!

Yleistilastot

  • Tätä visaa on pelattu 26 kertaa
  • Keskiarvotulos 9 / 20

Vastaustilastot

HintVastaus% Oikein
Kainuu ja Koillismaakuukkeli
64%
Ahvenanmaamerikotka
64%
Keski-Suomimetso
64%
Keski-Pohjanmaakiuru
55%
Peräpohjolariekko
55%
Etelä-Savokuhankeittäjä
50%
Uusimaamustarastas
50%
Kymenlaaksopunatulkku
50%
Pohjois-Karjalakäki
45%
Pohjois-Savokuikka
45%
Etelä-pohjanmaakuovi
45%
Pohjois-Pohjanmaakurki
45%
Satakuntasinitiainen
45%
Etelä-Karjalasatakieli
41%
Lappisinirinta
41%
Pirkanmaavästäräkki
36%
Varsinais-Suominaakka
32%
Kanta-hämesääksi
32%
Päijät-hämevalkoselkätikka
32%
Pohjanmaatervapääsky
27%

Tulosjakauma

Persentiili vastausten määrän mukaan

Jokaisen tuloksen saaneiden osuus

Tuloshistoriasi

Et ole pelannut tätä visaa